Célébrités commençant par la lettre M - Statistiques

Statistiques générales
  • Ce quiz a été pris 588 fois
  • Le résultat moyen est 10 sur 16
Statistiques - réponses
Par images Réponse % Correct
Margot Robbie
79%
Madonna
77%
Marion Cotillard
74%
Mylene Farmer
74%
Michael Jordan
71%
Miley Cyrus
68%
Mimie Mathy
68%
Mark Zuckerberg
66%
Morgan Freeman
62%
Michel Polnareff
60%
Michel Sardou
57%
Megan Fox
52%
Mariah Carey
48%
Meryl Streep
46%
Monica Bellucci
35%
Mila Kunis
30%
Aucun quiz correspondant
Distribution des résultats
% des personnes avec chaque résultat
Percentile par nombre de réponses
Votre historique - résultats
Vous n’avez pas pris ce quiz